Get the Picture: Which Decade - The '80s or '90s? Quiz Stats

 Plays Quiz Updated Jul 24, 2019

Score 0/16 Timer 03:00
2 Plays Today
Question Answer Wrong Answers
The United States House of Representatives impeaches president Bill Clinton for perjury under oath The 1990s
89.8%
The 1980s
6.1%
Michael Jackson's album Thriller is released, becoming the best-selling album of all time The 1980s
89.1%
The 1990s
7%
The Chernobyl disaster, a nuclear meltdown in Ukraine, occurs The 1980s
80.4%
The 1990s
15.6%
Nelson Mandela is released from jail and helps end Apartheid in South Africa The 1990s
78.3%
The 1980s
17.9%
The Fall of the Berlin Wall begins The 1980s
77.1%
The 1990s
18.9%
The Solidarity movement began in Poland, helping to bring political liberalization and democracy The 1980s
74.6%
The 1990s
21.3%
Genocide in Rwanda occurs between the Hutu and Tutsi peoples The 1990s
74.2%
The 1980s
21.7%
Canada severs all political dependencies on the United Kingdom, but retains Queen Elizabeth II as head of state The 1980s
73.6%
The 1990s
22.1%
Egyptian president Anwar Sadat is assassinated at a military parade in Cairo The 1980s
69.9%
The 1990s
26.1%
Dolly, a female domestic sheep, and the first mammal cloned from an adult somatic cell, is born The 1990s
69.1%
The 1980s
27.2%
The Tiananmen Square Massacre occurs in Beijing, China The 1980s
68.8%
The 1990s
27.3%
Microsoft releases the operating systems MS-DOS and Windows 1.0 The 1980s
65.6%
The 1990s
30.3%
After decades of violence, The Troubles in Northern Ireland end when the Belfast Agreement is signed The 1990s
62%
The 1980s
34%
The Channel Tunnel across the English Channel opens, connecting France and England The 1990s
62%
The 1980s
34%
Boris Yeltsin assumes power in Russia with the resignation of Mikhail Gorbachev and the dissolution of the USSR The 1990s
61.9%
The 1980s
34.5%
The Hubble Space Telescope launches, helping to revolutionize astronomy The 1990s
51.8%
The 1980s
44.3%

Today's Daily Dose

You're not logged in!

Compare scores with friends on all Sporcle quizzes.
OR
Log In

Sporcle TV

Today on Sporcle TV


Watch our educational content, quiz creation guides, and fun videos on Sporcle TV.

Show Comments

Extras

Top Quizzes Today


Score Distribution

Your Account Isn't Verified!

In order to create a playlist on Sporcle, you need to verify the email address you used during registration. Go to your Sporcle Settings to finish the process.

Report this User

Report this user for behavior that violates our Community Guidelines.

Details: